Human Right And Social Welfare/ (Record no. 190095)
[ view plain ]
| 000 -LEADER | |
|---|---|
| fixed length control field | 00515nam a22001697a 4500 |
| 005 - DATE AND TIME OF LATEST TRANSACTION | |
| control field | 20220718151853.0 |
| 010 ## - LCCN (DPL NO) | |
| LC control number | ENG-133648 |
| 020 ## - INTERNATIONAL STANDARD BOOK NUMBER | |
| International Standard Book Number | 9788181523624 |
| Terms of availability | 1495.00 |
| 035 ## - SYSTEM CONTROL NUMBER | |
| System control number | EN-117180 |
| 037 ## - SOURCE OF ACQUISITION | |
| Source of stock number/acquisition | DBAD/PUB |
| 100 ## - MAIN ENTRY--PERSONAL NAME | |
| Personal name | Raju, P.S. Rama |
| 245 ## - TITLE STATEMENT | |
| Title | Human Right And Social Welfare/ |
| Statement of responsibility, etc | P.S. Rama Raju |
| 260 ## - PUBLICATION, DISTRIBUTION, ETC. (IMPRINT) | |
| Place of publication, distribution, etc | Jaipur |
| Name of publisher, distributor, etc | Book Enclave |
| Date of publication, distribution, etc | 2015 |
| 270 ## - ADDRESS | |
| Address | F-11, S.S. Tower,Dhamani Street ,Chaura Rasta |
| City | Jaipur |
| Postal code | 302003 |
| 300 ## - PHYSICAL DESCRIPTION | |
| Extent | 294p. |
| Dimensions | 24cm(Pbk) |
| Other physical details | Index |
| 942 ## - ADDED ENTRY ELEMENTS (KOHA) | |
| Source of classification or shelving scheme | Dewey Decimal Classification |
| Item type | English Books |
| Classification part | 323 |
| Call number suffix | RAJ |
| Withdrawn status | Lost status | Not for loan | Collection code | Home library | Current library | Date acquired | Source of acquisition | Cost, normal purchase price | Full call number | Barcode | Copy number | Cost, replacement price | Koha item type |
|---|---|---|---|---|---|---|---|---|---|---|---|---|---|
| Non-fiction | Bawana | Bawana | 18/07/2022 | DBAD/PUB | 1495.00 | 323 RAJ | EN-117180 | 1 | 1495.00 | English Books |
